[Event "AUT-ch U18"]
[Site "Sankt Veit an der Glan"]
[Date "2019.04.18"]
[Round "7"]
[White "Wagner, Leopold Franziskus"]
[Black "Schmuecker, Markus"]
[Result "1-0"]
[WhiteElo "2017"]
[BlackElo "1599"]
[PlyCount "75"]
[EventDate "2019.04.14"]
[EventType "swiss"]
[EventRounds "7"]
[EventCountry "AUT"]
[SourceTitle "CBM 190 Extra"]
[Source "ChessBase"]
[SourceDate "2019.07.15"]
[SourceVersion "1"]
[SourceVersionDate "2019.07.15"]
[SourceQuality "1"]

1. e4 e6 2. d4 d5 3. Nc3 Bb4 4. e5 c5 5. a3 Bxc3+ 6. bxc3 Qc7 7. Bd2 Nc6 8. Bb5 Bd7 9. Bxc6 bxc6 10. Nf3 Ne7 11. 0-0 0-0 12. Bg5 Ng6 13. h4 cxd4 14. cxd4 h6 15. h5 Nxe5 16. Nxe5 hxg5 17. h6 g6 18. Qg4 c5 19. Qxg5 Qd8 20. f4 Qxg5 21. fxg5 Bb5 22. Rf6 cxd4 23. a4 Ba6 24. Ra3 Rac8 25. Raf3 Rc7 26. Nxg6 Rb8 27. Ne5 Rbb7 28. Kh2 Be2 29. R3f4 Bd1 30. Rxd4 Bxc2 31. Rf2 Be4 32. Ng4 Bg6 33. Re2 Bf5 34. Nf6+ Kh8 35. Rxd5 Rb8 36. Rd6 Rc4 37. Red2 Rcc8 38. Rd7 1-0

[Event "AUT-ch U18"]
[Site "Sankt Veit an der Glan"]
[Date "2019.04.15"]
[Round "3"]
[White "Schmuecker, Markus"]
[Black "Tscharnuter, Noah"]
[Result "0-1"]
[WhiteElo "1599"]
[BlackElo "1743"]
[PlyCount "86"]
[EventDate "2019.04.14"]
[EventType "swiss"]
[EventRounds "7"]
[EventCountry "AUT"]
[SourceTitle "CBM 190 Extra"]
[Source "ChessBase"]
[SourceDate "2019.07.15"]
[SourceVersion "1"]
[SourceVersionDate "2019.07.15"]
[SourceQuality "1"]

1. c4 e5 2. g3 Nc6 3. Bg2 f5 4. Nc3 Nf6 5. e3 d5 6. cxd5 Nb4 7. d3 Nbxd5 8. Nxd5 Nxd5 9. Ne2 Nb4 10. d4 e4 11. Nf4 g6 12. Bd2 Nd5 13. Nxd5 Qxd5 14. Qc2 Bd6 15. b3 Bd7 16. Qc4 Be6 17. Qxd5 Bxd5 18. 0-0 0-0-0 19. Rfc1 h5 20. Bf1 h4 21. Be2 hxg3 22. hxg3 Rh7 23. Kg2 Rdh8 24. Rh1 g5 25. Rxh7 Rxh7 26. Rh1 Rxh1 27. Kxh1 f4 28. gxf4 gxf4 29. Bg4+ Kd8 30. Kg1 f3 31. Kf1 Ke7 32. Bf5 b6 33. Ke1 Kf6 34. Bh7 a5 35. Bc3 Kg5 36. Kf1 Bh2 37. Bd2 Kf6 38. Ke1 Ke6 39. Kd1 Kd6 40. b4 axb4 41. Bxb4+ Kc6 42. Be7 Kb5 43. Kc2 Bg3 0-1

[Event "AUT-ch U14"]
[Site "St Veit"]
[Date "2016.05.16"]
[Round "6"]
[White "Nisavic, Uros"]
[Black "Schmuecker, Markus"]
[Result "1-0"]
[WhiteElo "1524"]
[BlackElo "1355"]
[PlyCount "97"]
[EventDate "2016.05.14"]
[EventType "swiss"]
[EventRounds "7"]
[EventCountry "AUT"]
[SourceTitle "CBM 172 Extra"]
[Source "ChessBase"]
[SourceDate "2016.06.21"]
[SourceVersion "1"]
[SourceVersionDate "2016.06.21"]
[SourceQuality "1"]

1. e4 e6 2. d4 d5 3. Nd2 dxe4 4. Nxe4 Bd7 5. Nf3 Bc6 6. Bd3 Nf6 7. Qe2 Be7 8. Bf4 Nxe4 9. Bxe4 Bxe4 10. Qxe4 c6 11. 0-0-0 0-0 12. h4 Qd5 13. Qxd5 cxd5 14. Rd3 Nd7 15. Ne5 Bd6 16. Rc3 Rfc8 17. Rhh3 Nxe5 18. Bxe5 Bxe5 19. dxe5 Kf8 20. Rb3 b6 21. Rhc3 Ke7 22. Ra3 Kd7 23. Rxc8 Kxc8 24. Rf3 Rb8 25. Rxf7 Rb7 26. Rxb7 Kxb7 27. Kd2 Kc6 28. Kd3 Kc5 29. c3 a5 30. g4 g6 31. a3 a4 32. f3 Kc6 33. Kd4 Kb5 34. f4 Kc6 35. c4 dxc4 36. Kxc4 b5+ 37. Kd4 b4 38. Kc4 b3 39. Kd4 Kb5 40. h5 gxh5 41. gxh5 h6 42. f5 exf5 43. e6 Kc6 44. Ke5 f4 45. Kxf4 Kd6 46. Kf5 Ke7 47. Ke5 Ke8 48. Kf6 Kf8 49. Kg6 1-0

[Event "AUT-ch U14"]
[Site "St Veit"]
[Date "2016.05.14"]
[Round "1"]
[White "Schmuecker, Markus"]
[Black "Bratko, Alexander"]
[Result "0-1"]
[WhiteElo "1355"]
[BlackElo "1631"]
[PlyCount "70"]
[EventDate "2016.05.14"]
[EventType "swiss"]
[EventRounds "7"]
[EventCountry "AUT"]
[SourceTitle "CBM 172 Extra"]
[Source "ChessBase"]
[SourceDate "2016.06.21"]
[SourceVersion "1"]
[SourceVersionDate "2016.06.21"]
[SourceQuality "1"]

1. c4 e6 2. Nf3 d5 3. d4 Nf6 4. Bg5 Be7 5. e3 Nbd7 6. Nc3 c6 7. Be2 a6 8. a3 0-0 9. 0-0 Ne4 10. Nxe4 dxe4 11. Bxe7 Qxe7 12. Ne5 Nb6 13. c5 Nd5 14. Qc2 f5 15. Bc4 Qg5 16. Bxd5 exd5 17. Qd2 Be6 18. f3 Rf6 19. Rf2 Raf8 20. Raf1 h5 21. fxe4 fxe4 22. Rxf6 gxf6 23. Qf2 Qg7 24. Nxc6 bxc6 25. Qh4 Qg5 26. Qxg5+ fxg5 27. Rxf8+ Kxf8 28. b4 Ke7 29. a4 a5 30. Kf2 axb4 31. Ke1 Bc8 32. Kd2 Ba6 33. Kc2 Bc4 34. a5 Kd8 35. a6 Kc8 0-1